• 首页
  • 本馆介绍
  • 公告通知
  • 最新文献
  • 馆藏检索
  • 电子资源
  • 读者导购
  • 参考咨询
  • 我的图书馆
  • 登录
  • 详细信息显示
  • 放入我的书架
  • 预约/预借图书
  • 作者相关作品
  • 分类相关作品
  • 丛书相关作品
  • 出版社相关作品

书目信息

  • 表格格式
  • 工作单格式
  • 卡片格式
题名:
电路与电子技术实验教程
    
 
作者: 吴晓新 , 堵俊 主编
分册:  
出版信息: 北京   电子工业出版社  2016.09
页数: 251页
开本: 26cm
丛书名:
单 册:
中图分类: TM13-33 , TN01-33
科图分类:
主题词: 电路--dian lu--实验--高等学校--教材 , 电子技术--dian zi ji shu--实验--高等学校--教材
电子资源:
ISBN: 978-7-121-29711-3
000 00976nam0 2200289 450
001 2033512112
005 20201122095330.25
010    @a978-7-121-29711-3@dCNY39.80
100    @a20181129e20192016em y0chiy50 ea
101 0  @achi
102    @aCN@b110000
105    @ay z 000yy
106    @ar
200 1  @a电路与电子技术实验教程@9dian lu yu dian zi ji shu shi yan jiao cheng@f吴晓新, 堵俊主编
205    @a2版
210    @a北京@c电子工业出版社@d2016.09@h2019.07
215    @a251页@d26cm
300    @a创新型人才培养“十三五”规划教材
330    @a本书分为四篇,内容包括:电路实验、模拟电子技术实验、数字电子技术实验、EDA技术应用等。
606 0  @a电路@9dian lu@x实验@x高等学校@j教材
606 0  @a电子技术@9dian zi ji shu@x实验@x高等学校@j教材
690    @aTM13-33@v5
690    @aTN01-33@v5
701  0 @a吴晓新@9wu xiao xin@c(高等教育)@4主编
701  0 @a堵俊@9du jun@f(1958~)@4主编
801  0 @aCN@bBJSZM@c20201120
905    @b1245020-3@dTM13-33@e197=2@f4
    
    电路与电子技术实验教程/吴晓新, 堵俊主编.-2版.-北京:电子工业出版社,2016.09(2019.07)
    251页;26cm
    创新型人才培养“十三五”规划教材
    
    ISBN 978-7-121-29711-3:CNY39.80
    本书分为四篇,内容包括:电路实验、模拟电子技术实验、数字电子技术实验、EDA技术应用等。
●
相关链接 在E读中查询图书 在五车中查询图书 在当当中查询图书 在豆瓣中查询图书


正题名:电路与电子技术实验教程     索取号:TM13-33/197=2         预约/预借

序号 登录号 条形码 馆藏地/架位号 状态 备注
1 1245020   212450202   第二样本阅览室/ [索取号:TM13-33/197=2] 在馆    
2 1245021   212450211   第三借阅区/ [索取号:TM13-33/197=2] 在馆    
3 1245022   212450220   第三借阅区/ [索取号:TM13-33/197=2] 在馆    
4 1245023   212450239   第三借阅区/ [索取号:TM13-33/197=2] 在馆    
唐山师范学院图书馆 欢迎您!
大连网信软件有限公司© 版权所有